| 000 | 01094nam a2200205Ia 4500 | ||
|---|---|---|---|
| 003 | OSt | ||
| 005 | 20241119134940.0 | ||
| 007 | ca aa aaaaa | ||
| 008 | 201103s9999 xx 000 0 und d | ||
| 040 | _cSSBUL | ||
| 041 | _abur | ||
| 082 |
_a၂၉၄.၃၄၄၃၅ အောင် ၉၁၀၇S-SAT _223 |
||
| 100 |
_a အောင်မင်္ဂလာဆရာတော် _917291 |
||
| 245 | 0 |
_aဝိပဿနာအောင်ဓမ္မဒေသနာကိုယ်တွေ့ဉာဏ်မြင်ဓာတ်ခြောက်ပါးအခြေခံသည့်တရားတော်များ(ဒုတိယတွဲ)/ _cအောင်မင်္ဂလာဆရာတော် |
|
| 260 |
_aရန်ကုန် ၊ _bဣစ္ဆာသယပိဋကတ်စာပုံနှိပ်တိုက်၊ _c၁၉၇၇။ |
||
| 300 |
_aဆ၊ ၅၀၄ စာမျက်နှာ၊ _c၁၈ စင်တီ။ |
||
| 500 | _aS-SAT: Dr Sai Aung Tun Collection | ||
| 650 |
_aဝိပဿနာ _xတရားတော်များ _955319 |
||
| 942 |
_2ddc _cBK1 |
||
| 999 |
_c16661 _d16661 |
||